| 000 | 00370nam a2200145Ia 4500 | ||
|---|---|---|---|
| 008 | 230711s9999||||xx |||||||||||||| ||und|| | ||
| 041 | _aENG | ||
| 082 |
_a621 _bAG-E |
||
| 100 | _aAgarwal,R.K | ||
| 245 | 0 | _aPrinciples of electrical machine design | |
| 250 | _a4th Ed. | ||
| 260 |
_c2002 _aNew Delhi _bS.K Kataria & Sons |
||
| 650 | _aElectrical Engineering | ||
| 942 | _cBK | ||
| 999 |
_c2783 _d2783 |
||